Normal view
MARC view
Entry Nombre personal
001 - NÚMERO DE CONTROL
- campo de control: 947
003 - IDENTIFICADOR DE NÚMERO DE CONTROL
- campo de control: DLC
005 - FECHA Y HORA DE LA ÚLTIMA TRANSACCIÓN
- campo de control: 20260321103320.0
008 - ELEMENTOS DE DATO DE LONGITUD-FIJA
- campo de control de longitud fija: 890214n| azannaab |n aad
010 ## - NÚMERO DE CONTROL DE LA BIBLIOTECA DEL CONGRESO
- Número de control de LC: n 89608608
040 ## - FUENTE DE CATALOGACIÓN
- Centro catalogador/agencia de origen: DLC
- Lengua de catalogación: eng
- Normas de descripción: rda
- Centro/agencia transcriptor: DLC
- Centro/agencia modificador: DLC
046 ## - FECHAS CON CODIFICACIÓN ESPECIAL
- Fecha de nacimiento: 1931
100 1# - ENCABEZAMIENTO-NOMBRE DE PERSONA
- Nombre de persona: Melman, Charles,
- Fechas asociadas al nombre: 1931-
670 ## - FUENTE DE DATOS ENCONTRADOS
- Cita de la fuente: nuc89-14231: His Nouvelles études sur l'hystérie, c1984
- Información encontrada: (hdg. on MdBJ rept.: Melman, Charles, 1931- ; usage: Charles Melman)